[Event "Werther Schloss op-A 15th"]
[Site "Werther"]
[Date "2009.04.05"]
[Round "7"]
[White "Petrosian, Suren"]
[Black "Kupreichik, Viktor D"]
[Result "0-1"]
[WhiteElo "2396"]
[BlackElo "2417"]
[PlyCount "72"]
[EventDate "2009.04.02"]
[EventType "swiss"]
[EventRounds "7"]
[EventCountry "GER"]
[SourceTitle "CBM 131 Extra"]
[Source "ChessBase"]
[SourceDate "2009.09.03"]
[SourceVersion "2"]
[SourceVersionDate "2009.09.16"]
[SourceQuality "1"]

1. e4 c5 2. Nf3 d6 3. d4 cxd4 4. Nxd4 Nf6 5. Nc3 Bd7 6. Bg5 e6 7. f3 Nc6 8. Qd2
Nxd4 9. Qxd4 Qa5 10. h4 Be7 11. O-O-O O-O 12. Kb1 Rac8 13. Qd2 Kh8 14. Qe1 Qc7
15. h5 h6 16. Bc1 b5 17. Bd3 b4 18. Ne2 d5 19. e5 Ng8 20. f4 a5 21. Nd4 a4 22.
g4 Qb6 23. Be3 Bc5 24. Qf2 b3 25. cxb3 axb3 26. f5 Ra8 27. a3 Ra4 28. Bf1 f6
29. Rd3 fxe5 30. Rxb3 exd4 31. Rxb6 dxe3 32. Qc2 Bxb6 33. fxe6 Be8 34. Qb3 Ba7
35. Qxd5 Rd4 36. e7 Rxf1+ 0-1

[Event "Izhevsk Corporation Cup-A 3rd"]
[Site "Izhevsk"]
[Date "2011.07.24"]
[Round "9"]
[White "Kupreichik, Viktor D"]
[Black "Ozolin, Maxim"]
[Result "1-0"]
[WhiteElo "2433"]
[BlackElo "2381"]
[PlyCount "157"]
[EventDate "2011.07.15"]
[EventType "swiss"]
[EventRounds "9"]
[EventCountry "RUS"]
[SourceTitle "CBM 143 Extra"]
[Source "ChessBase"]
[SourceDate "2011.08.29"]
[SourceVersion "1"]
[SourceVersionDate "2011.08.29"]
[SourceQuality "1"]

1. e4 e5 2. Nf3 Nc6 3. Bb5 a6 4. Ba4 Nf6 5. O-O Be7 6. Re1 b5 7. Bb3 O-O 8. a4
Bb7 9. d3 d5 10. axb5 axb5 11. Rxa8 Bxa8 12. exd5 Nxd5 13. Nxe5 Nd4 14. Ba2 Nb4
15. c3 Nxa2 16. cxd4 Nxc1 17. Qxc1 Qxd4 18. Qc3 Qd5 19. Nf3 Bf6 20. Qc2 g6 21.
Nbd2 Rd8 22. Ne4 Bg7 23. Qxc7 h6 24. d4 Qd7 25. Qf4 Qf5 26. Qxf5 gxf5 27. Ng3
Bxf3 28. gxf3 Rd5 29. Kg2 f4 30. Re8+ Kh7 31. Ne2 Bxd4 32. Nxd4 Rxd4 33. Re4
Rc4 34. b3 Rc3 35. Rb4 Rc5 36. Rxf4 Kg6 37. Kg3 Rd5 38. Re4 Rd3 39. Rb4 Rd5 40.
Rf4 Rd3 41. Rb4 Rd5 42. Kg2 Kf6 43. Kf1 Re5 44. Rh4 Kg6 45. Re4 Kf5 46. Rd4 Ke6
47. Rh4 h5 48. Rd4 Rc5 49. Kg2 Rc3 50. Rb4 Rc5 51. Kg3 Kf5 52. Rd4 Ke5 53. Re4+
Kf5 54. Kh4 Kg6 55. f4 f6 56. Rd4 Rc3 57. Rb4 Rc5 58. f3 Rd5 59. h3 Rc5 60. Kg3
Kf5 61. Rd4 Ke6 62. Kh4 Rc3 63. Rb4 Rc5 64. Re4+ Kf7 65. Kg3 Kg6 66. Rd4 Kf5
67. b4 Rc2 68. Rd5+ Kg6 69. Rxb5 Rb2 70. f5+ Kg5 71. h4+ Kh6 72. Rb6 Kg7 73.
Rb7+ Kh6 74. Rf7 Rxb4 75. Rxf6+ Kh7 76. Rg6 Ra4 77. Rg5 Kh6 78. f6 Ra8 79. f7
1-0

[Event "Kolomna op"]
[Site "Kolomna"]
[Date "2013.09.30"]
[Round "2"]
[White "Poley, Vladimir"]
[Black "Kupreichik, Viktor D"]
[Result "0-1"]
[WhiteElo "2311"]
[BlackElo "2443"]
[PlyCount "86"]
[EventDate "2013.09.29"]
[EventType "swiss"]
[EventRounds "9"]
[EventCountry "RUS"]
[SourceTitle "CBM 156 Extra"]
[Source "ChessBase"]
[SourceDate "2013.10.22"]
[SourceVersion "1"]
[SourceVersionDate "2013.10.22"]
[SourceQuality "1"]

1. d4 Nf6 2. Nf3 g6 3. g3 Bg7 4. Bg2 d5 5. O-O O-O 6. Nbd2 Nc6 7. c3 Re8 8. Re1
Bf5 9. Qb3 Qd6 10. Nh4 Be6 11. Ndf3 Na5 12. Qc2 h6 13. Ne5 Qb6 14. Nhxg6 fxg6
15. Qxg6 Rf8 16. b4 Nc4 17. Bxh6 Ne8 18. Nxc4 dxc4 19. Be4 Bf5 20. Qxb6 axb6
21. Bxg7 Kxg7 22. Bxb7 Ra3 23. e4 Bd7 24. e5 Rxc3 25. a4 Rb3 26. e6 Bxa4 27.
Rxa4 b5 28. Ra7 Rxb4 29. Bc6 c3 30. Bxe8 Rxe8 31. Rxc7 Rb3 32. d5 Kf6 33. Kg2
b4 34. Re4 Rd8 35. Rc5 Rb2 36. Rec4 Ke5 37. Rb5 c2 38. f4+ Kf6 39. Kf3 b3 40.
Rbc5 Rb1 41. Kg4 Rd1 42. d6 R8xd6 43. Re4 R6d5 0-1

[Event "Kolomna op"]
[Site "Kolomna"]
[Date "2013.10.03"]
[Round "8"]
[White "Nozdrachev, Leonid"]
[Black "Kupreichik, Viktor D"]
[Result "0-1"]
[WhiteElo "2433"]
[BlackElo "2443"]
[PlyCount "80"]
[EventDate "2013.09.29"]
[EventType "swiss"]
[EventRounds "9"]
[EventCountry "RUS"]
[SourceTitle "CBM 156 Extra"]
[Source "ChessBase"]
[SourceDate "2013.10.22"]
[SourceVersion "1"]
[SourceVersionDate "2013.10.22"]
[SourceQuality "1"]

1. e4 Nf6 2. e5 Nd5 3. d4 d6 4. Nf3 Bg4 5. h3 Bxf3 6. Qxf3 dxe5 7. dxe5 e6 8.
Bc4 Nc6 9. Bb5 Ndb4 10. O-O Qd5 11. Qxd5 exd5 12. Ba4 O-O-O 13. a3 Na6 14. Bxc6
bxc6 15. b4 c5 16. b5 Nb8 17. Nc3 d4 18. Ne4 Re8 19. Ng5 h6 20. Nf3 Nd7 21. Bf4
g5 22. Bg3 Bg7 23. Rfe1 Re6 24. c3 dxc3 25. Re3 Rhe8 26. Rxc3 f5 27. Rac1 f4
28. Bh2 Nxe5 29. Rxc5 Nxf3+ 30. gxf3 Re1+ 31. Rxe1 Rxe1+ 32. Kg2 Re5 33. Rc6
Rxb5 34. Rg6 Bf8 35. Rf6 Bxa3 36. Rxh6 Bd6 37. Rh5 a5 38. h4 a4 39. Rxg5 Rxg5+
40. hxg5 a3 0-1

[Event "BLR-ch 80th"]
[Site "Minsk"]
[Date "2014.01.19"]
[Round "13"]
[White "Kupreichik, Viktor D"]
[Black "Lutsko, Igor"]
[Result "1-0"]
[WhiteElo "2455"]
[BlackElo "2343"]
[PlyCount "61"]
[EventDate "2014.01.07"]
[EventType "tourn"]
[EventRounds "13"]
[EventCountry "BLR"]
[EventCategory "9"]
[SourceTitle "CBM 158 Extra"]
[Source "ChessBase"]
[SourceDate "2014.02.28"]
[SourceVersion "1"]
[SourceVersionDate "2014.02.28"]
[SourceQuality "1"]

1. e4 c5 2. Nf3 d6 3. d4 cxd4 4. Nxd4 Nf6 5. Nc3 a6 6. Bc4 e6 7. Bb3 Nc6 8. Be3
Qc7 9. Qe2 Be7 10. O-O-O O-O 11. g4 Nxd4 12. Rxd4 Nd7 13. g5 Nc5 14. Qh5 f5 15.
exf5 Rxf5 16. Rh4 h6 17. Qe8+ Rf8 18. Qg6 Qc6 19. gxh6 Qxh1+ 20. Nd1 Bf6 21.
Rf4 Nd3+ 22. cxd3 Qc6+ 23. Nc3 Qc7 24. d4 Qf7 25. Qg3 g5 26. Ne4 Qg6 27. Nxf6+
Rxf6 28. Rxf6 Qxf6 29. Bxg5 Qf7 30. Bf6+ Kf8 31. Qxd6+ 1-0

[Event "Moscow Kolomenskaya op"]
[Site "Moscow"]
[Date "2014.10.06"]
[Round "2"]
[White "Kupreichik, Viktor D"]
[Black "Borsuk, Yuriy"]
[Result "1-0"]
[WhiteElo "2405"]
[BlackElo "2300"]
[PlyCount "59"]
[EventDate "2014.10.05"]
[EventType "swiss"]
[EventRounds "9"]
[EventCountry "RUS"]
[SourceTitle "CBM 162 Extra"]
[Source "ChessBase"]
[SourceDate "2014.10.17"]
[SourceVersion "1"]
[SourceVersionDate "2014.10.17"]
[SourceQuality "1"]

1. e4 e5 2. Nf3 Nc6 3. Bb5 a6 4. Ba4 Nf6 5. O-O Be7 6. Re1 b5 7. Bb3 d6 8. a4
Rb8 9. axb5 axb5 10. c3 O-O 11. d4 exd4 12. cxd4 Bg4 13. Nc3 Nb4 14. h3 Bh5 15.
Bf4 Bg6 16. Nh4 c6 17. Nxg6 hxg6 18. e5 dxe5 19. dxe5 Nfd5 20. e6 Nxf4 21.
exf7+ Kh7 22. Qg4 Nfd5 23. Nxd5 cxd5 24. Ra7 Bc5 25. Re6 Qf6 26. Rxf6 gxf6 27.
Rc7 Bb6 28. Rd7 Nd3 29. Rd6 Kg7 30. Qf3 1-0

[Event "EU-ch Seniors 65 15th"]
[Site "Eretria"]
[Date "2015.05.04"]
[Round "6"]
[White "Kupreichik, Viktor D"]
[Black "Pushkov, Nikolai"]
[Result "1-0"]
[WhiteElo "2373"]
[BlackElo "2302"]
[PlyCount "67"]
[EventDate "2015.04.29"]
[EventType "swiss"]
[EventRounds "9"]
[EventCountry "GRE"]
[SourceTitle "CBM 166 Extra"]
[Source "ChessBase"]
[SourceDate "2015.06.18"]
[SourceVersion "1"]
[SourceVersionDate "2015.06.18"]
[SourceQuality "1"]

1. e4 e6 2. d4 d5 3. e5 c5 4. c3 Qb6 5. Bd3 Nc6 6. Ne2 Bd7 7. a3 a5 8. Bc2 f6
9. f4 f5 10. b3 Nh6 11. Be3 Be7 12. Nd2 cxd4 13. Nxd4 Ng4 14. Bg1 Nxd4 15. Bxd4
Bc5 16. Nf3 Ne3 17. Qd2 Nxc2+ 18. Qxc2 Rc8 19. Rc1 Qc7 20. Qb2 Bxd4 21. Nxd4
O-O 22. a4 Qb6 23. Qf2 Rc5 24. Kd2 Rfc8 25. Rhe1 Qd8 26. h3 Qe7 27. g4 g6 28.
gxf5 gxf5 29. Rg1+ Kh8 30. Rg3 Rg8 31. Rxg8+ Kxg8 32. Rg1+ Kh8 33. Nxf5 exf5
34. e6 1-0

[Event "EU-ch Seniors 65 16th"]
[Site "Yerevan"]
[Date "2016.06.13"]
[Round "9"]
[White "Kupreichik, Viktor D"]
[Black "Sveshnikov, Evgeny"]
[Result "1-0"]
[WhiteElo "2361"]
[BlackElo "2509"]
[PlyCount "117"]
[EventDate "2016.06.05"]
[EventType "swiss"]
[EventRounds "9"]
[EventCountry "ARM"]
[SourceTitle "CBM 172 Extra"]
[Source "ChessBase"]
[SourceDate "2016.06.21"]
[SourceVersion "1"]
[SourceVersionDate "2016.06.21"]
[SourceQuality "1"]

1. e4 c5 2. Nf3 Nc6 3. d4 cxd4 4. Nxd4 e5 5. Nb5 d6 6. c4 Be7 7. N1c3 a6 8. Na3
Nf6 9. Be2 O-O 10. Be3 Be6 11. O-O Rc8 12. Qd2 Re8 13. Rac1 h6 14. Nc2 Ng4 15.
Bxg4 Bxg4 16. Nd5 Bg5 17. b4 Bxe3 18. Qxe3 b5 19. cxb5 axb5 20. Qd3 Bd7 21.
Rfd1 Re6 22. Qxb5 Ne7 23. Qd3 Nxd5 24. Qxd5 Ba4 25. Qd2 d5 26. exd5 Rd6 27. h3
f5 28. b5 f4 29. Nb4 Bxb5 30. Re1 Rxc1 31. Qxc1 Rg6 32. Rxe5 f3 33. g3 Qd6 34.
Qc8+ Kh7 35. Qf5 Bd7 36. Qe4 Kh8 37. Nd3 Qb6 38. Qxf3 Rf6 39. Qe4 Qb1+ 40. Kg2
Bb5 41. a4 Bxa4 42. Qxa4 Qxd3 43. Qe4 Qxe4+ 44. Rxe4 Kg8 45. Rd4 Rd6 46. Kf3
Kf7 47. Ke4 Ke7 48. f4 Ra6 49. d6+ Kd7 50. g4 Ra5 51. Rd5 Ra3 52. h4 g6 53. h5
Ra4+ 54. Kf3 Ra3+ 55. Kg2 gxh5 56. Rxh5 Kxd6 57. Rxh6+ Kd5 58. Rf6 Ke4 59. g5
1-0

[Event "Kaunas Butnorius 70 op"]
[Site "Kaunas"]
[Date "2016.08.05"]
[Round "7"]
[White "Westerinen, Heikki MJ"]
[Black "Kupreichik, Viktor D"]
[Result "0-1"]
[WhiteElo "2313"]
[BlackElo "2366"]
[PlyCount "102"]
[EventDate "2016.08.01"]
[EventType "swiss"]
[EventRounds "9"]
[EventCountry "LTU"]
[SourceTitle "CBM 173 Extra"]
[Source "ChessBase"]
[SourceDate "2016.08.29"]
[SourceVersion "1"]
[SourceVersionDate "2016.08.29"]
[SourceQuality "1"]

1. e4 c5 2. Nf3 d6 3. d4 cxd4 4. Nxd4 Nf6 5. Nc3 Bd7 6. Bg5 e6 7. Ndb5 Bc6 8.
Bxf6 gxf6 9. Qh5 a6 10. Nd4 Bd7 11. O-O-O Nc6 12. Bc4 Qa5 13. Qxa5 Nxa5 14. Be2
b5 15. a3 Rc8 16. Kb1 Nc4 17. Bxc4 Rxc4 18. f4 h5 19. g3 h4 20. g4 h3 21. Rhg1
Be7 22. Rg3 Bd8 23. Nde2 Bc7 24. Rdd3 Rg8 25. Rg1 Bb6 26. Rgd1 Rxg4 27. Rxd6
Bc6 28. R6d3 Bxe4 29. Rxh3 f5 30. Rd6 Bc6 31. b3 Ke7 32. bxc4 Kxd6 33. cxb5
axb5 34. Rd3+ Ke7 35. Nd4 Be4 36. Rd2 Rxf4 37. Ndxb5 Bc6 38. a4 Ba5 39. Rd3
Rf1+ 40. Kb2 f4 41. Nd4 Bb7 42. Nb3 Bb4 43. Rd4 Bd6 44. Nd2 Re1 45. Nc4 Bb8 46.
Rd1 Rxd1 47. Nxd1 f3 48. h3 Ba7 49. Nde3 f2 50. Nf1 Bg2 51. Ncd2 e5 0-1

[Event "Kaunas Butnorius 70 op"]
[Site "Kaunas"]
[Date "2016.08.05"]
[Round "8"]
[White "Kupreichik, Viktor D"]
[Black "Grib, Roman"]
[Result "1-0"]
[WhiteElo "2366"]
[BlackElo "2408"]
[PlyCount "117"]
[EventDate "2016.08.01"]
[EventType "swiss"]
[EventRounds "9"]
[EventCountry "LTU"]
[SourceTitle "CBM 173 Extra"]
[Source "ChessBase"]
[SourceDate "2016.08.29"]
[SourceVersion "1"]
[SourceVersionDate "2016.08.29"]
[SourceQuality "1"]

1. e4 e5 2. Nf3 Nc6 3. Bb5 a6 4. Ba4 Nf6 5. O-O Be7 6. Re1 b5 7. Bb3 O-O 8. a4
Bb7 9. d3 Re8 10. Nc3 Bb4 11. Bd2 Bxc3 12. Bxc3 h6 13. Qd2 d6 14. Ba2 Nd7 15.
d4 b4 16. Bxb4 Nxd4 17. Nxd4 exd4 18. Ba5 Qf6 19. f3 Qe5 20. Rad1 c5 21. c3 Bc6
22. cxd4 cxd4 23. Bb4 Bxa4 24. b3 Bb5 25. Qxd4 Nc5 26. Qxe5 Rxe5 27. Bc3 Nd3
28. Bxe5 dxe5 29. Re2 Rc8 30. Red2 Rc7 31. b4 Nxb4 32. Bd5 Rc3 33. Rb2 Nd3 34.
Rb3 Rxb3 35. Bxb3 Kf8 36. Ra1 Ke7 37. Ba4 Bc4 38. Rb1 Kd6 39. Bb3 Bb5 40. Bxf7
Kc5 41. Kf1 Kd4 42. Ke2 Kc3 43. Ke3 Kc2 44. Ra1 Nb4 45. Ra3 g5 46. g3 Kc1 47.
Rc3+ Nc2+ 48. Kf2 Kd2 49. Rc5 Nb4 50. Bc4 Bxc4 51. Rxc4 Nd3+ 52. Kf1 Ke3 53.
Rc3 h5 54. Ra3 a5 55. f4 gxf4 56. gxf4 Kxe4 57. f5 Nc5 58. f6 Nd7 59. f7 1-0

[Event "Kolomna op"]
[Site "Kolomna"]
[Date "2016.10.06"]
[Round "3.7"]
[White "Kupreichik, Viktor D"]
[Black "Alikulov, Elbek"]
[Result "1-0"]
[WhiteElo "2376"]
[BlackElo "2387"]
[PlyCount "61"]
[EventDate "2016.10.05"]
[EventType "swiss"]
[EventRounds "9"]
[EventCountry "RUS"]
[SourceTitle "EXT 2018"]
[Source "ChessBase"]
[SourceDate "2017.10.13"]
[SourceVersion "1"]
[SourceVersionDate "2017.10.13"]
[SourceQuality "1"]

1. e4 c5 2. Nf3 d6 3. Nc3 Nf6 4. d4 cxd4 5. Nxd4 a6 6. h3 e6 7. g4 Nfd7 8. Bg2
Be7 9. O-O Nc6 10. Nce2 h5 11. gxh5 Rxh5 12. Nxc6 bxc6 13. Nd4 g6 14. Nxc6 Qc7
15. Nxe7 Kxe7 16. b3 Bb7 17. Bb2 Nc5 18. Qe1 Qc6 19. f3 e5 20. f4 Nxe4 21. fxe5
Qb5 22. Kh2 Rah8 23. Rf3 d5 24. c4 d4 25. Rd1 Qxe5+ 26. Kg1 Rd8 27. Qb4+ Nc5
28. Re1 Be4 29. Rxe4 Qxe4 30. Rxf7+ Kxf7 31. Bxe4 1-0

[Event "Tula Suetin Memorial"]
[Site "Tula"]
[Date "2017.01.04"]
[Round "2"]
[White "Kupreichik, Viktor D"]
[Black "Zaitsev, Alexander"]
[Result "1-0"]
[WhiteElo "2359"]
[BlackElo "2510"]
[PlyCount "45"]
[EventDate "2017.01.03"]
[EventType "tourn"]
[EventRounds "9"]
[EventCountry "RUS"]
[EventCategory "7"]
[SourceTitle "CBM 176 Extra"]
[Source "ChessBase"]
[SourceDate "2017.03.02"]
[SourceVersion "1"]
[SourceVersionDate "2017.03.02"]
[SourceQuality "1"]

1. e4 e6 2. d4 d5 3. e5 c5 4. c3 Nc6 5. Be3 Bd7 6. dxc5 Nxe5 7. f4 Ng6 8. b4 a5
9. Nf3 Nf6 10. Bd3 axb4 11. cxb4 b6 12. Bxg6 hxg6 13. cxb6 Bxb4+ 14. Nbd2 Ra3
15. Qe2 d4 16. Bxd4 Bc6 17. O-O O-O 18. Qc4 Bxd2 19. Nxd2 Bb5 20. Bxf6 Qxb6+
21. Qd4 Qxd4+ 22. Bxd4 Rd3 23. Nf3 1-0

[Event "Tula Suetin Memorial"]
[Site "Tula"]
[Date "2017.01.04"]
[Round "3"]
[White "Sadovsky, Artem"]
[Black "Kupreichik, Viktor D"]
[Result "0-1"]
[WhiteElo "2429"]
[BlackElo "2359"]
[PlyCount "120"]
[EventDate "2017.01.03"]
[EventType "tourn"]
[EventRounds "9"]
[EventCountry "RUS"]
[EventCategory "7"]
[SourceTitle "CBM 176 Extra"]
[Source "ChessBase"]
[SourceDate "2017.03.02"]
[SourceVersion "1"]
[SourceVersionDate "2017.03.02"]
[SourceQuality "1"]

1. e4 e5 2. Nf3 Nc6 3. Nc3 Nf6 4. g3 Bc5 5. Bg2 d6 6. h3 h6 7. d3 a6 8. Be3
Bxe3 9. fxe3 Be6 10. O-O Qd7 11. Kh2 O-O-O 12. Nh4 Ne7 13. Qe2 d5 14. exd5
Nexd5 15. Nxd5 Nxd5 16. e4 Ne7 17. Nf5 Rhg8 18. Qe3 Kb8 19. Qc5 Bxf5 20. exf5
Nxf5 21. Qxe5 g6 22. Qe4 c6 23. Rae1 h5 24. h4 Rge8 25. Qf4+ Qc7 26. Qxc7+ Kxc7
27. Be4 Nd6 28. Kg2 Re5 29. Bf3 Rde8 30. Rxe5 Rxe5 31. Kf2 Nf5 32. c3 c5 33.
Rd1 Re6 34. Rd2 b5 35. Re2 Rxe2+ 36. Bxe2 a5 37. d4 c4 38. a4 Kc6 39. axb5+
Kxb5 40. b3 Nd6 41. bxc4+ Kc6 42. Ke3 a4 43. Bf3+ Kd7 44. Bd5 f5 45. c5 Ne4 46.
Kd3 a3 47. Ba2 Nxg3 48. d5 f4 49. d6 f3 50. Ke3 Ne4 51. Kxf3 Nxc5 52. Kf4 Nd3+
53. Kg5 Ne5 54. Kf6 Kxd6 55. Bb3 Nf3 56. Kxg6 Nxh4+ 57. Kxh5 Nf3 58. Kg4 Nd2
59. Ba2 Ke5 60. Kg3 Ne4+ 0-1

[Event "Tula Suetin Memorial"]
[Site "Tula"]
[Date "2017.01.08"]
[Round "8"]
[White "Moiseenko, Vladimir"]
[Black "Kupreichik, Viktor D"]
[Result "0-1"]
[WhiteElo "2327"]
[BlackElo "2359"]
[PlyCount "44"]
[EventDate "2017.01.03"]
[EventType "tourn"]
[EventRounds "9"]
[EventCountry "RUS"]
[EventCategory "7"]
[SourceTitle "CBM 176 Extra"]
[Source "ChessBase"]
[SourceDate "2017.03.02"]
[SourceVersion "1"]
[SourceVersionDate "2017.03.02"]
[SourceQuality "1"]

1. d4 Nf6 2. c4 g6 3. Nc3 Bg7 4. e4 O-O 5. Be3 c6 6. f3 d5 7. cxd5 cxd5 8. Bd3
dxe4 9. fxe4 Ng4 10. Qd2 Nxe3 11. Qxe3 Bxd4 12. Qe2 Nc6 13. Nf3 Bg4 14. O-O-O
Qa5 15. Qd2 Rfd8 16. Rhf1 Nb4 17. Nxd4 Rxd4 18. Qf4 Nxd3+ 19. Rxd3 Rxd3 20.
Qxf7+ Kh8 21. Qxe7 Rxc3+ 22. Kb1 Qd8 0-1